Statystyki dla Trasa Warszawskiej linii autobusowej 211

Kliknij tutaj aby rozwiązać quiz!

Ogólne statystyki

  • Ten quiz został rozwiązany 8 razy
  • Średni wynik to 15 z 29

Statystyki odpowiedzi

DzielnicaPrzystanek% Poprawnych
Białołęka / Praga-PółnocŻerań FSO
100%
Białołęka / Praga-PółnocŻerań FSO
100%
BiałołękaDąbrówka Wiślana
83%
BiałołękaKanał Żerański
83%
BiałołękaKonwaliowa
83%
BiałołękaDorodna
67%
BiałołękaElektrociepłownia Żerań
67%
BiałołękaLaurowa
67%
BiałołękaMyśliborska
67%
BiałołękaNowodwory
67%
BiałołękaOsiedle
67%
BiałołękaPortowa
67%
BiałołękaKaflowa
50%
BiałołękaKasztanowa
50%
BiałołękaMilenijna
50%
BiałołękaStare Świdry
50%
BiałołękaŚwiderska
50%
BiałołękaCeramiczna
33%
BiałołękaĆwiklińskiej
33%
BiałołękaGrzymalitów
33%
BiałołękaPłużnicka
33%
BiałołękaPorajów
33%
BiałołękaTłuchowska
33%
BiałołękaĆmielowska
17%
BiałołękaLeśnej Polanki
17%
BiałołękaPicassa
17%
BiałołękaPomorska
17%
BiałołękaStrumykowa
17%
BiałołękaDzierzgońska
0%

Rozkład punktacji

Percentyl według liczby udzielonych odpowiedzi

Procent ludzi z każdym wynikiem

Twoja historia wyników

Nie rozwiązałeś tego quizu